Professional groups and forums (Record no. 112928)

MARC details
000 -LEADER
fixed length control field 00873cad a22002175a 4500
001 - CONTROL NUMBER
control field L154304
008 - FIXED-LENGTH DATA ELEMENTS--GENERAL INFORMATION
fixed length control field 111110s2011 xxk f 000 0 eng d
035 ## - SYSTEM CONTROL NUMBER
System control number (Sirsi) u154304
041 0# - LANGUAGE CODE
Language code of text/sound track or separate title eng
110 2# - MAIN ENTRY--CORPORATE NAME
Corporate name or jurisdiction name as entry element Royal Institution of Chartered Surveyors
9 (RLIN) 4900
245 00 - TITLE STATEMENT
Title Professional groups and forums
Remainder of title annual review 2010/11
Medium [electronic resource]
260 ## - PUBLICATION, DISTRIBUTION, ETC.
Place of publication, distribution, etc. London
Name of publisher, distributor, etc. RICS
Date of publication, distribution, etc. 2011
300 ## - PHYSICAL DESCRIPTION
Extent 27p.
Other physical details col. ill.
Dimensions 30cm.
490 #0 - SERIES STATEMENT
Series statement RICS Annual Report
520 ## - SUMMARY, ETC.
Summary, etc. Sets out initiatives and projects undertaken by RICS Professional Groups and Forums in 2010/11.
650 24 - SUBJECT ADDED ENTRY--TOPICAL TERM
Topical term or geographic name entry element RICS PROFESSIONAL GROUPS AND FORUMS ANNUAL REVIEW
651 #4 - SUBJECT ADDED ENTRY--GEOGRAPHIC NAME
Geographic name International
690 ## - LOCAL SUBJECT ADDED ENTRY--TOPICAL TERM (OCLC, RLIN)
Topical term or geographic name as entry element ABOUT RICS-RICS ANNUAL REPORT
856 40 - ELECTRONIC LOCATION AND ACCESS
Uniform Resource Identifier <a href="https://www.rics.org/site/download_feed.aspx?fileID=10732&fileExtension=PDF">https://www.rics.org/site/download_feed.aspx?fileID=10732&fileExtension=PDF</a>
Public note View the review online at www.rics.org (member-only access).
942 ## - ADDED ENTRY ELEMENTS (KOHA)
Suppress in OPAC 0
Holdings
Withdrawn status Lost status Source of classification or shelving scheme Damaged status Not for loan Home library Current library Shelving location Date acquired Total Checkouts Full call number Barcode Date last seen Copy number Price effective from Koha item type
  Missing from bundle       London London RICS Boxes 09/01/2013   RICS 2011/56 30078740 06/08/2019 1 06/08/2019 Archive
  Missing from bundle       London London RICS Boxes 24/03/2016   RICS 2011/56 30078884 06/08/2019 2 06/08/2019 Book
    Dewey Decimal Classification     Virtual Virtual Online 10/11/2011   ONLINE PUBLICATION 154304-2001 06/08/2019 1 06/08/2019 Book